Top ten largest countries to never win an olympic medal. (Population) - Statistics

General Stats
  • This quiz has been taken 1,060 times
  • The average score is 5 of 10
Answer Stats
Population Country % Correct
158,000,000 Bangladesh
82%
71,000,000 Democratic Republic of Congo
65%
18,000,000 Angola
45%
15,000,000 Cambodia
45%
29,000,000 Nepal
44%
22,000,000 Madagascar
41%
24,000,000 Yemen
39%
54,000,000 Myanmar
38%
17,000,000 Burkina Faso
32%
16,000,000 Malawi
28%
No matching quizzes found
Score Distribution
Percent of People with Each Score
Percentile by Number Answered
Your Score History
You have not taken this quiz